Revisión del modelo categorial sustancia-accidentes en la antropología de Millán-Puelles (Record no. 855215)
[ view plain ]
| 000 -CABECERA | |
|---|---|
| Campo de control de longitud fija | 00657nab a2200157 4500 |
| 003 - IDENTIFICADOR DEL NÚMERO DE CONTROL | |
| Campo de control | ES-SlBCS |
| 005 - FECHA Y HORA DE LA ÚLTIMA TRANSACCIÓN | |
| Campo de control | 20211230145219.0 |
| 008 - CÓDIGOS DE INFORMACIÓN DE LONGITUD FIJA | |
| Campo de control de longitud fija | 151218s2015 sp ||||| |||| 00| 0 spa d |
| 040 ## - FUENTE DE LA CATALOGACIÓN | |
| Centro catalogador del origen | ES-SlBCS |
| Lengua de catalogación | spa |
| 100 1# - PUNTO DE ACCESO PRINCIPAL-NOMBRE DE PERSONA | |
| Nombre de persona | Sellés, Juan Fernando |
| 9 (RLIN) | 85626 |
| 245 10 - MENCIÓN DE TÍTULO | |
| Título | Revisión del modelo categorial sustancia-accidentes en la antropología de Millán-Puelles |
| Mención de responsabilidad, etc. | Juan Fernando Sellés |
| 246 11 - VARIANTE DE TÍTULO | |
| Título propio / Titulo en breve | Review of the substance-accidents Categorial Model in the Millán-Puelles's Anthropology |
| 600 14 - PUNTO DE ACCESO ADICIONAL DE MATERIA-NOMBRE DE PERSONA | |
| Nombre personal | Millán Puelles, Antonio |
| Fechas asociadas con el nombre | , 1921-2005 |
| Subdivisión general | Crítica e interpretación |
| 9 (RLIN) | 124174 |
| 773 0# - ENLACE AL DOCUMENTO FUENTE | |
| Parte(s) relacionada(s) | Nº 66, 2015, págs. 7-26 |
| Título | Daímon |
| Número de control del registro relacionado | Rev1146 |
| Número Internacional Normalizado para Publicaciones Seriadas (ISSN) | 1130-0507 |
| 942 ## - ENTRADA DE ELEMENTOS AGREGADOS (KOHA) | |
| Fuente de clasificaión o esquema | |
| Koha [por defecto] tipo de item | Artículos de revista |
| Suprimido | Perdido | Fuente de clasificación o esquema | Estropeado | No para préstamo | Localización permanente | Localización actual | Localización en estantería | Fecha adquisición | Préstamos totales | Fecha última consulta | Fecha del precio de reemplazo | Tipo de item de Koha |
|---|---|---|---|---|---|---|---|---|---|---|---|---|
| San Esteban | San Esteban | Depósito de revistas | 18/12/2015 | 18/12/2015 | 18/12/2015 | Artículos de revista |
